| 000 | 00628nam a2200217Ii 4500 | ||
|---|---|---|---|
| 003 | JO-AjNU | ||
| 008 | 230606s9999||||xx |||||||||||||| ||und|| | ||
| 020 | _a978-1-259-00792-7 | ||
| 040 |
_aJO-AjNU _beng _erda _cJO-AjNU |
||
| 041 | _aeng | ||
| 050 | 1 | 4 | _aTA350.B3552.2013 |
| 100 | 3 |
_aBeer, Fedinand/Ressel Johnston/ David Mazurek, _eauthor _94170 |
|
| 245 | 0 | 0 | _aVector Meshanics for Engineers statics |
| 250 | _a10 ed | ||
| 264 | 3 | 1 | _aLondon:Mcgraw hill,2013 |
| 300 | _a853p | ||
| 336 |
_atext _btxt _2rdacontent |
||
| 337 |
_aunmediated _bn _2rdamedia |
||
| 338 |
_avolume _bnc _2rdacarrier |
||
| 650 | 4 |
_aStatics _94171 |
|
| 999 |
_aE2170 _c2168 _d2168 |
||